|
|
|
|
| LEADER |
00000nam a2200000 a 4500 |
| 001 |
vtls010652167 |
| 003 |
SK-MaSNL |
| 005 |
20260301221123.0 |
| 008 |
160430s2001 xo a f u 000 0 slo |
| 015 |
|
|
|a SNBN2015
|
| 020 |
|
|
|c (cen. skup. 12 )
|
| 040 |
|
|
|a SNK
|b slo
|c SNK
|e AACR2
|
| 041 |
0 |
|
|a slo
|
| 044 |
|
|
|a xo
|c SK
|
| 046 |
|
|
|a m
|m 200101 (účin.)
|n [20030901] (zruš.)
|
| 072 |
|
7 |
|a 621.3
|x Elektrotechnika
|2 konspekt
|
| 080 |
|
|
|a 621.311.1
|2 2001
|
| 080 |
|
|
|a 006.7/.8
|2 2001
|
| 080 |
|
|
|a (437.6)
|2 2001
|
| 080 |
|
|
|a (083)
|2 2001
|
| 080 |
|
|
|a 621.315.1/.3
|2 2001
|
| 084 |
|
|
|a 29.060.20
|2 ICS
|
| 245 |
0 |
0 |
|a STN 34 7410-1: 2001 (HD 21.1 S3) [neplatná], Káble a vodiče izolované PVC na menovité napätie do 450/750 V vrátane
|n Časť 1
|p Všeobecné požiadavky
|
| 246 |
1 |
0 |
|a Káble a vodiče izolované PVC na menovité napätie do 450/750 V vrátane
|
| 246 |
3 |
0 |
|a HD 21.1. S3
|
| 260 |
|
|
|a Bratislava
|b Slovenský ústav technickej normalizácie
|c 2001
|
| 300 |
|
|
|a 28 s.
|b tab.
|c 30 cm
|
| 500 |
|
|
|a Súbežný názov v angličtine, francúzštine, nemčine
|
| 500 |
|
|
|a Spracovateľ: VÚKI Bratislava, Magdaléna Polakovičová ; SÚTN Bratislava Edita Mártonová
|
| 500 |
|
|
|a [Norma je nahradená normou STN 34 7410-1 z júna 2003]
|
| 504 |
|
|
|a Citované normy a súvisiace právne predpisy s. [1]-2 ; odkazy na normy s. 25
|
| 520 |
8 |
|
|a Táto národná norma je identická s harmonizačným dokumentom HD 21.1. S3: 1997
|
| 540 |
|
|
|a STN vydané na akomkoľvek nosiči sa môžu rozmnožovať a rozširovať iba so súhlasom určenej právnickej osoby
|b SÚTN Bratislava
|c zákon 264/1999 Z. z.
|
| 650 |
0 |
7 |
|a elektrické rozvody
|2 SNKPH
|9 67472
|
| 650 |
0 |
7 |
|a technické normy a štandardy
|z Slovensko
|2 SNKPH
|9 79594
|
| 650 |
0 |
7 |
|a Electric power distribution
|2 SNKPHeng
|9 311842
|
| 650 |
0 |
7 |
|a elektrické vedenia
|2 SNKPH
|9 85871
|
| 650 |
0 |
7 |
|a Electric conduits
|2 SNKPHeng
|9 333352
|
| 655 |
|
7 |
|a normy
|2 SNKPH
|9 70643
|
| 700 |
1 |
|
|a Polakovičová, Magdaléna
|4 aut
|9 336829
|
| 700 |
1 |
|
|a Mártonová, Edita
|4 aut
|9 312562
|
| 710 |
2 |
|
|a Slovenský ústav technickej normalizácie (Bratislava, Slovensko).
|b Technická normalizačná komisia č. 53 Káble a elektroizolačné materiály
|4 stn
|9 336830
|
| 710 |
2 |
|
|a VÚKI (Bratislava, Slovensko)
|4 aut
|9 478661
|
| 958 |
|
|
|a NB
|
| 999 |
|
|
|c 934591
|d 936521
|
| 952 |
|
|
|a SNK
|b SNK
|y PREZ
|7 0
|p 17A1135472
|o snkSTN 34 7410-1
|i snk2015/3922
|8 0
|0 0
|1 0
|4 0
|d 2015-02-04
|l 0
|r 2026-02-24 08:59:51
|w 2026-02-24
|
| 952 |
|
|
|a SNK
|b SNK
|y PREZ
|7 0
|p 17A1135471
|o snkSTN 34 7410-1 D1
|i snk2015/3923
|8 0
|0 0
|1 0
|4 0
|d 2015-02-04
|l 0
|r 2026-02-24 08:59:51
|w 2026-02-24
|